ბათუმის შოთა რუსთაველის სახელმწიფო უნივერსიტეტის ბიბლიოთეკა

ტრანსნაციონალური კომპანიები ამიერკავკასიის ქვეყნების ეკონომიკასა და პოლიტიკაში : პრობლემები, ტენდენციები, პერსპექტივები / (ბიბ.ჩანაწერი № 63279)

000 -ლიდერი
ფიქსირებული სიგრძის საკონტროლო ველი 01824nam a22002537a 4500
003 - საკონტროლო ნომრის იდენტიფიკატორი
საკონტროლო ველი Ge_BSU
005 - ბოლო ოპერაციის თარიღი და დრო
საკონტროლო ველი 20250717141345.0
008 - ფიქსირებული სიგრძის მონაცემთა ელემენტები - ზოგადი ინფორმაცია
ფიქსირებული სიგრძის საკონტროლო ველი 250717s2009 ge ||||| |||| 00| 0 geo d
020 ## - წიგნის საერთაშორისო სტანდარტული ნომერი
International Standard Book Number 9789941128677
041 ## - ენის კოდი
Language code of text/sound track or separate title geo
080 ## - უნივერსალური ათობითი კლასიფიკაციის ინდექსი
Universal Decimal Classification number 339.923 338(479.22) 332(479.22) მ-27
100 ## - მთავარი ჩანაწერი - პიროვნების სახელი
Personal name მანველიძე, ირაკლი.
9 (RLIN) 2014
245 ## - ცნობა სათაურის შესახებ
Title ტრანსნაციონალური კომპანიები ამიერკავკასიის ქვეყნების ეკონომიკასა და პოლიტიკაში : პრობლემები, ტენდენციები, პერსპექტივები /
Statement of responsibility, etc ირაკლი მანველიძე ; [პროექტის რედ. რეზო მანველიძე ; სამეცნ. რედ. თეიმურაზ შენგელია]
264 ## - წარმოების, გამოცემის, დისტრიბუციის და სხვა ცნობები
გამოცემის, წარმოების, დისტრიბუციის... ადგილი თბილისი :
გამოცემის, წარმოების, დისტრიბუციის... სახელწოდება უნივერსალი,
გამოცემის, წარმოების, დისტრიბუციის... თარიღი 2009.
300 ## - ფიზიკური აღწერა
Extent 276 გვ. :
Other physical details ცხრ. ;
Dimensions 20 სმ.
504 ## - BIBLIOGRAPHY, ETC. NOTE
Bibliography, etc ბიბლიოგრ. ტექსტ. შენიშვნ.
520 ## - SUMMARY, ETC.
Summary, etc რეზ. რუს. და ინგლ.
653 ## - INDEX TERM--UNCONTROLLED
Uncontrolled term ტრანსნაციონალური კომპანიები.
653 ## - INDEX TERM--UNCONTROLLED
Uncontrolled term ამიერკავკასიის ეკონომიკა
653 ## - INDEX TERM--UNCONTROLLED
Uncontrolled term ამიერკავკასიის პოლიტიკა.
700 ## - ADDED ENTRY--PERSONAL NAME
Personal name მანველიძე, რეზო
Relator term და სხვ.
9 (RLIN) 1497
710 ## - ADDED ENTRY--CORPORATE NAME
Corporate name or jurisdiction name as entry element შოთა რუსთაველის სახელმწ. უნ-ტის სოც. მეცნ. ბიზნ. და სამართალმც. ფაკ. სოც. მეცნ. დეპარტამენტი.
9 (RLIN) 25670
942 ## - ADDED ENTRY ELEMENTS (KOHA)
Source of classification or shelving scheme
Koha item type წიგნი
ეგზემპლარები
ჩამოწერის სტატუსი დაკარგული ეგზემპლარის სტატუსი კლასიფიკაციის წყარო ან თაროზე გაწყობის სქემა დაზიანების სტატუსი არ გაიცემა მუდმივი მდებარეობა (დაცვის ადგილი) ამჟამინდელი ადგილსამყოფელი თაროზე განთავსების ადგილი შეძენის თარიღი ღირებულება, შესყიდვის ნორმალური ფასი სრული შენახვის შიფრი შტრიხკოდი ბოლო ოპერაციის თარიღი ეგზემპლარის მიმდევრობითი ნომერი (კეტერი?) ფასის ძალაში შესვლის თარიღი ეგზემპლარის სახეობა საჯარო შენიშვნა
          ბათუმის შოთა რუსთაველის სახელმწიფო უნივერსიტეტის მთავარი ბიბლიოთეკა ბათუმის შოთა რუსთაველის სახელმწიფო უნივერსიტეტის მთავარი ბიბლიოთეკა წიგნსაცავი 2025-07-17 12.00 339.923 338(479.22) 332(479.22) მ-27 72149 2025-07-17 72149 2025-07-17 წიგნი 12.00
          ბათუმის შოთა რუსთაველის სახელმწიფო უნივერსიტეტის მთავარი ბიბლიოთეკა ბათუმის შოთა რუსთაველის სახელმწიფო უნივერსიტეტის მთავარი ბიბლიოთეკა წიგნსაცავი 2025-07-17 12.00 339.923 338(479.22) 332(479.22) მ-27 72150 2025-07-17 72150 2025-07-17 წიგნი 12.00
          ბათუმის შოთა რუსთაველის სახელმწიფო უნივერსიტეტის მთავარი ბიბლიოთეკა ბათუმის შოთა რუსთაველის სახელმწიფო უნივერსიტეტის მთავარი ბიბლიოთეკა წიგნსაცავი 2025-07-17 12.00 339.923 338(479.22) 332(479.22) მ-27 72151 2025-07-17 72151 2025-07-17 წიგნი 12.00